Kitap, kütüphane ve okuma sevgisi (Record no. 3678)

MARC details
000 -BAŞLIK
Sabit Uzunlukta Kontrol Alanı 00650na a2200217 4500
001 - KONTROL NUMARASI
Denetim Alanı 16578
003 - KONTROL NUMARASI IDENTIFIER
Denetim Alanı MIRAKIL
005 - SON İŞLEM TARİHİ VE ZAMANI
Denetim Alanı 20181213154939.0
008 - SABİT-BOY VERİ ELEMANLARI - GENEL BİLGİLER
Sabit Uzunlukta Kontrol Alanı 161008b tu 000 0
020 ## - ULUSLARARASI STANDART KİTAP NUMARASI
Uluslararası Standart Kitap Numarası 9789751734761
040 ## - KATALOGLAMA KAYNAK
Orijinal Kataloglama Ajansı Milas
Kataloglama Dili tur
Metne Dönüştürmek Ajansı TR-AnCHP
082 ## - DEWEY ONLU SINIFLANDIRMA NUMARASI
Sınıflandırma Numarası 741.672
Ürün Numarası K57 2010
090 ## - SINIFLAMA NUMARASI
Sınıflama Numarası 741.672 K57 2010
245 ## - BAŞLIK TABLOSU
Başlık Kitap, kütüphane ve okuma sevgisi
Başlığın Kalan afiş yarışması
Sorumluluk Tablosu, Vb editör: Şenol Karadeniz
260 ## - YAYIN, DAĞITIM, VB
Yayın, Dağıtım, Vb Yeri Ankara
Yayıncı, Dağıtıcı, Vs Adı Kütüphaneler ve Yayımlar Genel Müdürlüğü
Yayın, Dağıtım, Vb Tarihi 2010
300 ## - FİZİKSEL TANIM
Kapsam 95 s.
Diğer Fiziksel Ayrıntıları res.
Boyutlar 27 sm.
650 ## - KONU KATMA GİRİŞ - TOPİKAL DÖNEM
Topikal Süreli Veya Coğrafi Ad Giriş Elemanı Okuma
Genel Alt Bölümü Afişler
650 ## - KONU KATMA GİRİŞ - TOPİKAL DÖNEM
Topikal Süreli Veya Coğrafi Ad Giriş Elemanı Kütüphane
Genel Alt Bölümü Afişler
650 ## - KONU KATMA GİRİŞ - TOPİKAL DÖNEM
Topikal Süreli Veya Coğrafi Ad Giriş Elemanı Kitap
Genel Alt Bölümü Afişler
942 ## - EKLENDİ GİRİŞ ELEMANLARI (KOHA)
Sınıflandırma Veya Raf Düzeni Kaynak Dewey Decimal Classification
Koha Öğesi Türü Books
999 ## - SİSTEM KONTROL NUMARALARI (KOHA)
Koha Biblionumber 3678
Koha Biblioitemnumber 3678
Holdings
Kalıcı Konum Mevcut Konum Edinme Tarihi Edinim Kaynak Toplam Check-Out'Lar Tam Çağrı Numarası Barkod Tarih Son Görülme İtibaren Geçerli Fiyatlar Koha Öğesi Türü
CHP Kütüphanesi CHP Kütüphanesi 10/08/2016 Bağış   741.672 K57 2010 006572 10/08/2016 10/08/2016 Books